Plants

Bibliographic Details
Main Author: Soon Chris
Corporate Author: Title
Format: Book
Published: Selangor : Penerbit Ilmumas , 2006
Series:Discovery Science on...
Subjects:

MARC

LEADER 00000cam a2200000 7i4500
001 0000005937
005 20151222.0
008 070813
020 |a 983329314X(set) 
020 |a 9833293190 
090 0 0 |a JF   |b SC ENG (6234) 
100 1 |a Soon Chris 
245 1 0 |a Plants   |c Chris Soon 
260 |a Selangor :   |b Penerbit Ilmumas ,   |c 2006 
440 |a Discovery Science on... 
500 |a Children ages 7-9 years old (orange) 
650 0 |a Junior fiction   |x English   |x Languages 
650 0 |a Science 
710 0 |a Title 
999 |a 0000913921   |b Book   |c Teenagers   |e Cawangan Bandar Tenggara 
999 |a 0000981863   |b Book   |c Children Collection   |e Perbadanan Perpustakaan Awam Johor 
999 |a 0000981864   |b Book   |c Children Collection   |e Perbadanan Perpustakaan Awam Johor